000 00449nam a2200181Ia 4500
001 12745
005 20260306163004.0
008 260306t1997||||xx |||||||||||||| ||spa||
041 _aESP
082 _aRD 103
_bM86
100 _aMoreno Villa, Mariano (dir.)
_eAUT
245 0 _aDiccionario de pensamiento contemporáneo
260 _c1997
300 _a1276 páginas :
_c20 cm.
650 _aGEN
654 _aCHU
942 _cDIC
_dJUS
_fJUS
_2ddc
_n
999 _c12745
_d12745